000 00660nam a22001937a 4500
008 160321b xxu||||| |||| 00| 0 eng d
020 _a978-0-538-47554-9
082 _22011
_aDC 658.3
_bB27
100 _94010
_aBarrick, Murray
245 _aSelection in human resource management/
_cMurray Barrick [ and 2 others].
250 _aSeventh edition
260 _aAustralia:
_bSouth-Western Cengage Learning,
_c© 2011.
300 _axxiii, 662 pages:
_billustrations;
_c25 cm.
500 _aIncludes references and index.
650 0 _94011
_aPersonnel management
700 _94012
_aFeild, Hubert S.
700 _94013
_aGatewood, Robert D.
942 _2ddc
_cDC
999 _c1350
_d1350